| 000 | 00899nam a22002297a 4500 | ||
|---|---|---|---|
| 999 |
_c4104 _d4104 |
||
| 003 | AR-CdUCM | ||
| 008 | 190307b ||||| |||| 00| 0 spa d | ||
| 040 |
_aMUNICIPALIDAD PROVINCIAL DEL CUSCO _cBIBLIOTECA MUNICIPAL DEL CUSCO |
||
| 082 |
_24ed. _a150.195 / _bF82 |
||
| 100 |
_aFrankl, Viktor Emil _913010 |
||
| 245 |
_aPsiconanálisis y existencialismo / _cVíktor E. Frankl |
||
| 260 |
_aMéxico : _bFondo de Cultura económica, _c1963. |
||
| 300 |
_a311 páginas ; _c16 cm. |
||
| 440 |
_aPsicoanálisis y existencialismo _n : 27 _913011 |
||
| 505 | _aContenido: De la psicoterapia a la logoterapia -- Del psicoanálisis al análisis existencial -- De la confesión secular a la "cura de almas" ... | ||
| 650 |
_apsicoanálisis _913012 |
||
| 650 |
_aPsicología existencial _913013 |
||
| 650 |
_aPsicoterapia _93460 |
||
| 650 |
_aLogoterapia _913014 |
||
| 942 |
_2ddc _cLIBROS |
||
| 945 | _alccs | ||